|
|
|
|
| LEADER |
01038cam a2200265 7i4500 |
| 001 |
0000057866 |
| 005 |
20210308090000.0 |
| 020 |
|
|
|a 9781617051937 (electronic book)
|
| 090 |
0 |
0 |
|a RC376.5
|b .P79 2015
|
| 245 |
0 |
2 |
|a A practical approach to movement disorders :
|b diagnosis and management
|c editors, Hubert H. Fernandez, Andre G. Machado, Mayur Pandya.
|
| 250 |
|
|
|a Second edition.
|
| 264 |
|
|
|a New York:
|b Demos Medical,
|c 2015.
|
| 300 |
|
|
|a 1 online resource (401 pages):
|b illustrations, text file, PDF.
|
| 336 |
|
|
|a text
|2 rdacontent
|
| 337 |
|
|
|a computer
|2 rdamedia
|
| 338 |
|
|
|a online resource
|2 rdacarrier
|
| 650 |
|
0 |
|a Movement disorders
|
| 655 |
|
0 |
|a Electronic books
|
| 700 |
1 |
|
|a Pandya, Mayur
|
| 700 |
1 |
|
|a Machado, Andre G.
|
| 700 |
1 |
|
|a Fernandez, Hubert H.
|
| 856 |
4 |
2 |
|u http://library.unisel.edu.my/equip-unisel/custom/ebook_catalog/ebook/Apracticalapproachtomovementdisorders2ndedition.pdf
|
| 997 |
|
|
|a Health Sciences, Faculty
|
| 998 |
|
|
|a Nursing, Diploma
|
| 999 |
|
|
|a EBO0004162
|b EBOOK
|c EBOOK
|e Electronic resources
|